000 00276nam a2200109Ia 4500
008 231219s9999 xx 000 0 und d
041 _aeng
100 _aSumantra Ghoshal
245 _aManaging Radical Change
260 _bPenguin Books India Pvt Ltd
650 _aManagement
999 _c978895
_d978895